书目信息 |
| 题名: |
白话折狱龟鉴
|
|
| 作者: | 郑克 著 ;孙一冰 , 刘承珍 译 | |
| 分册: | ||
| 出版信息: | 北京 警官教育出版社 1994.1 |
|
| 页数: | 515页 | |
| 开本: | 19cm | |
| 丛书名: | ||
| 单 册: | ||
| 中图分类: | D929.2 | |
| 科图分类: | 35.20411 | |
| 主题词: | 案例--中国--古代--汇编 | |
| 电子资源: | ||
| ISBN: | 7-81027-402-3 | |
| 000 | 00934nam0 2200277 45 | |
| 001 | 0194009976 | |
| 005 | 20070716104808.26 | |
| 010 | @a7-81027-402-3@dCNY12.00 | |
| 100 | @a19940224d1994 emky0chiy0121 ea | |
| 101 | 0 | @achi |
| 102 | @aCN@b110000 | |
| 105 | @ay z 000yy | |
| 200 | 10 | @a白话折狱龟鉴@ABAI HUA ZHE YU GUI JIAN@f(宋)郑 克著@F( SONG ) ZHENG KE ZHU@g孙一冰,刘承珍译 |
| 210 | @a北京@c警官教育出版社@d1994.1 | |
| 215 | @a515页@d19cm | |
| 330 | @a本书为博收我国古代案例的历史名著,凡8卷,分为释冤、察奸、议罪、严明等20门,包含侦查破案、法庭审讯、司法鉴定等案例395个。 | |
| 517 | 1 | @a折狱龟鉴@AZHE YU GUI JIAN |
| 540 | 1 | @a折狱 龟鉴@AZHE YU GUI JIAN |
| 606 | @a案例@y中国@z古代@x汇编 | |
| 690 | @aD929.2@v三版 | |
| 692 | @a35.20411 | |
| 701 | 0 | @a郑克@AZHENG KE@4著 |
| 702 | 0 | @a孙一冰@ASUN YI BING@4译 |
| 702 | 0 | @a刘承珍@ALIU CHENG ZHEN@4译 |
| 801 | 0 | @aCN@bTSSF@c20070716 |
| 905 | @a10447@dD929.2@e318 | |
| 白话折狱龟鉴/(宋)郑 克著/孙一冰,刘承珍译.-北京:警官教育出版社,1994.1 |
| 515页;19cm |
| ISBN 7-81027-402-3:CNY12.00 |
| 本书为博收我国古代案例的历史名著,凡8卷,分为释冤、察奸、议罪、严明等20门,包含侦查破案、法庭审讯、司法鉴定等案例395个。 |
| ● |
| 相关链接 |
|
|
|
|
正题名:白话折狱龟鉴
索取号:D929.2/318
 
预约/预借
| 序号 | 登录号 | 条形码 | 馆藏地/架位号 | 状态 | 备注 |
| 1 | 0778716 | 207787162 | 第一样本阅览室/ [索取号:D929.2/318] | 在馆 |